01029 a2200169 45000010006000000050017000060080041000230030015000640400040000790800196001192450066003152640060003813000025004415050342004660410008008081000043008165821120260407155840.0260407a1983 arg spa dAR-UNSa-BCEJYS aAR-UNSa-BCEJYSbspacAR-UNSa-BCEJYS a338.439xEconomía de la producción y provisión de alimentos. Economía de la industria alimentaria. Aspectos económicos de la alimentación. Abastecimiento. Oferta (Carne, leche...)10aEstudio del mercado mundial de camarones, gambas y langostino 1aGinegra :bCCI (Centro de Comercio Internacional)c1983 axvii, 304 p.c23 cm. a1. Resumen de las principales conclusiones – 2. Recomendaciones – 3. Producción regional y nacional – 4. Bélgica – 5. Francia – 6. República Federal de Alemania – 7. Italia – 8. Países bajos – 9. España – 10. Reino unido – 11. Estados unidos de América – 12. Japón – 13. Hong Kong – 14. Australia  aspa1 aCentro de Comercio Internacional (CCI)